|
|
|
|
| LEADER |
00000nab a2200000uu 4500 |
| 001 |
vtls011157051 |
| 003 |
SK-MaSNL |
| 005 |
20260303221844.0 |
| 008 |
230222|2009 xo |||||||||||||||||slo| |
| 015 |
|
|
|a SNBRB
|
| 035 |
|
|
|a (urnnbn)urn:nbn:sk:snk:ar-a0ae7p
|
| 035 |
|
|
|a (uuid)15594cf7-6bbb-4e96-bc35-c075c9f13207
|
| 035 |
|
|
|a urn:nbn:sk:snk-abb570
|
| 040 |
|
|
|a SNKBUCL
|b slo
|c SNKBUCL
|e AACR2
|
| 041 |
0 |
|
|a slo
|
| 044 |
|
|
|a xo
|c SK
|
| 100 |
1 |
|
|a Mazalánová, Anna,
|d 1955-
|4 aut
|9 240000
|
| 245 |
1 |
0 |
|a Komunikačné kompetencie sestier v ambulanciách
|c A. Mazalánová, J. Němcová, Z. Klasovitá
|
| 700 |
1 |
|
|a Němcová, J.
|4 aut
|9 800744
|
| 700 |
1 |
|
|a Klasovitá, Z.
|4 aut
|9 1255745
|
| 773 |
0 |
|
|t Zdravotníctvo a sociálna práca : vedecký časopis
|g Roč. 4, č. 3-4 (2009), s. 53-55
|
| 954 |
|
|
|a odborná, vedecká literatúra pôvodná (slovenská)
|2 lita
|
| 958 |
|
|
|a OND
|
| 958 |
|
|
|a EUIPO
|
| 958 |
|
|
|a article14
|
| 999 |
|
|
|c 2236601
|d 2238531
|